Takwani - Criminal Procedure 5th Ed (Record no. 19164)

MARC details
000 -LEADER
fixed length control field 00453nam a2200169Ia 4500
008 - FIXED-LENGTH DATA ELEMENTS--GENERAL INFORMATION
fixed length control field 221220s9999 xx 000 0 und d
020 ## - INTERNATIONAL STANDARD BOOK NUMBER
ISBN 978-81-3126-526-0
041 ## - LANGUAGE CODE
Language code of text/sound track or separate title
100 ## - MAIN ENTRY--AUTHOR NAME
Personal name C. K. Thakker
245 #0 - TITLE STATEMENT
Title Takwani - Criminal Procedure 5th Ed
Statement of responsibility, etc by C. K. Thakker, M. C. Thakker
250 ## - EDITION STATEMENT
Edition statement 5th
260 ## - PUBLICATION, DISTRIBUTION, ETC. (IMPRINT)
Name of publisher Lexis Nexis
Place of publication Haryana
Year of publication 2022
300 ## - PHYSICAL DESCRIPTION
Number of Pages 496
650 ## - SUBJECT ADDED ENTRY--TOPICAL TERM
Topical Term Criminal Procedure
700 ## - ADDED ENTRY--PERSONAL NAME
Personal name M. C. Thakker
942 ## - ADDED ENTRY ELEMENTS (KOHA)
Source of classification or shelving scheme
Koha item type Books
Holdings
Accession Number Cost, normal purchase price Bill Date Source of acquisition Price effective from Koha item type Withdrawn / writtenoff status Materials specified (bound volume or other part) Damaged status Not for loan Permanent Location Current Location Shelving location Date acquired Lost/ Missing status department
LLB 278 795.00 81 ABD, Jammu 12/20/2022 Books   Print   Not For Loan MIET Library, Jammu MIET Library, Jammu 180/4     BBA LLB
LLB 279 795.00 81 ABD, Jammu 12/20/2022 Books   Print     MIET Library, Jammu MIET Library, Jammu 177/4     BBA LLB
LLB 280 795.00 81 ABD, Jammu 12/20/2022 Books   Print     MIET Library, Jammu MIET Library, Jammu 177/4     BBA LLB
LLB 281 795.00 81 ABD, Jammu 12/20/2022 Books   Print     MIET Library, Jammu MIET Library, Jammu 177/4     BBA LLB